000 01052nam2a22002771 4500
001 RU\NLR\INFOCOMM4\ROSSICA\1000409398
005 20250613190108.0
035 _a(NLR Aleph) 009902826
090 _a10579759
_c10579759
100 _a20030620d1862 |||y0rusy50 ca
101 0 _afre
102 _aRU
105 _ay ||||000ay
200 1 _aAdditions au mémoire de Liapounow et observations de Poulkova
_fO. Struve
_gLiapounow
210 _d1862
_aБ. м.
461 0 _1001RU\NLR\INFOCOMM4\ROSSICA\1000409396
_12001#$aObservations de la grande nébuleuse d'Orion faites à Cazan et à Poulkova$vPartie 2
_910579748
_cSt.Pétersbourg
_d1862
_tObservations de la grande nébuleuse d'Orion faites à Cazan et à Poulkova
_vPartie 2
700 1 _9z01790
_aStruve
_bO.W.
_cастроном
_f1819-1905
_gOtto Wilhelm
_4070
702 1 _aLiapounow
_4100
790 1 _9z01700
_aStruve
_bO.
_gOtto
_4070
801 1 _aRU
_bInfoComm
_c20030620
801 0 _aRU
_bNLR
_gPSBO
852 _aNLR
_j13.11.2.30
942 _cBOOK
980 _aNB
980 _aRossica